00690nam a2200193Ia 4500003000900000008004100009020001800050040001600068080001700084100002300101245015000124260003900274300001700313490006400330650004100394650002200435650001700457650002200474IN-BaIIA211028s9999 xx 000 0 eng d a0-8240-9283-X cIIA Library a52(091)bDEV aDeVorkin, David H. 4aThe history of modern astronomy and astrophysicsba selected annotated bibliographycDavid H. DeVorkin  aNew YorkbGarland Publishingc1982 axxvii, 434p. aBibliography of the history of Science and Technology; v. 1 aAstronomy and astrophysics thesaurus aAstronomy-History aBibliography aHistory-Astronomy